Rugby World Cup Most Successful Teams - Statistics

General Stats
  • This quiz has been taken 209 times
  • The average score is 14 of 16
Answer Stats
Points Team Hint % Correct
61 South Africa 4x Champions, 2x bronze medalists
99%
57 Australia 2x Champions, 2x silver medalists, 1x bronze medalists
98%
54 England 1x Champion, 3x silver medalists, 1x bronze medalists
98%
75 New Zealand 3x Champions, 2x silver medalists, 3x bronze medalists
98%
20 Scotland 1x 4th place finish, 7x quarter finalists
97%
26 Wales 1x bronze medal, 4x quarter finalists
96%
50 France 3x silver medalists, 1x bronze medalists
95%
21 Ireland 3x group winners, 8x quarter finalists
95%
8 Fiji 1x quarter-finalist
91%
22 Argentina 1x bronze medal, 4x quarter finalists
88%
5 Italy Managed to win two games in four consecutive World Cups
84%
5 Japan 1x quarter finalist
83%
4 Samoa 2x quarter finalist, haven't reached the knockouts in 32 years
83%
1 Tonga Have manage to win two games in a World Cup
81%
2 Canada 1x quarter finalist, never again managed to win more than one game in a World Cup
64%
1 Georgia Have managed to win two games in a World Cup
63%
No matching quizzes found
Score Distribution
Percent of People with Each Score
Percentile by Number Answered
Your Score History
You have not taken this quiz